EMA - Paroles Papillons - Statistiques

Statistiques générales
  • Ce quiz a été pris 8 fois
  • Le résultat moyen est 301 sur 353
Statistiques - réponses
Hint Réponse % Correct
à
100%
amour
100%
au
100%
aurais
100%
c'
100%
ça
100%
ce
100%
Ce
100%
comme
100%
d'
100%
de
100%
des
100%
Dès
100%
dire
100%
dis
100%
Couplet 1 | Outro Dis
100%
du
100%
100%
en
100%
envolent
100%
es
100%
est
100%
et
100%
être
100%
garçon
100%
hm
100%
J'
100%
Je
100%
l'
100%
L'
100%
la
100%
le
100%
les
100%
Les
100%
moi
100%
oh
100%
papillons
100%
penser
100%
peut
100%
plus
100%
Pour
100%
pour
100%
Qu'
100%
qu'
100%
Quand
100%
que
100%
qui
100%
Qui
100%
s'
100%
T'
100%
t'
100%
te
100%
Tout
100%
tout
100%
tu
100%
Tu
100%
album
75%
as
75%
Aspirent
75%
beau
75%
caché
75%
chasser
75%
cheveux
75%
chiant,
75%
cœur
75%
connards
75%
corps
75%
couperas
75%
crament
75%
dans
75%
Dans
75%
dates
75%
détestes
75%
diff'
75%
Refrain Puis
75%
épargner
75%
essaies
75%
explosif
75%
fais
75%
fait
75%
feu
75%
font
75%
fous
75%
fous,
75%
heures
75%
juste
75%
lisseur
75%
longs
75%
maison
75%
merde,
75%
miroir?
75%
moches
75%
négatif
75%
notif'
75%
Parfois
75%
passe
75%
passent
75%
pendant
75%
penses
75%
perdre
75%
pètes
75%
photos
75%
pires
75%
plombs
75%
prénom
75%
p'tit
75%
pu
75%
Refrain Puis
75%
Quelques
75%
quelques
75%
rencards
75%
sang
75%
se
75%
son
75%
sont
75%
soucis
75%
souffrir
75%
souvenirs
75%
spéciale,
75%
sur
75%
ta
75%
tatouer
75%
temps
75%
temps,
75%
ternir,
75%
tes
75%
tiroir
75%
tombes
75%
ton
75%
tous
75%
trop
75%
une
75%
vampires
75%
vois
75%
vont
75%
âge
50%
arrange
50%
bizarre
50%
contrôle
50%
dévisage
50%
Pré-refrain Arrête
50%
embrouilles,
50%
erreurs
50%
facilement
50%
faire
50%
ils
50%
lamentes
50%
mens,
50%
monde
50%
on
50%
pensent,
50%
perds
50%
peur
50%
sais
50%
semblant
50%
sensible
50%
sentiments
50%
seum
50%
(seum,
50%
seum,
50%
seum)
50%
Si
50%
toi,
50%
Aucun quiz correspondant
Distribution des résultats
% des personnes avec chaque résultat
Percentile par nombre de réponses
Votre historique - résultats
Vous n’avez pas pris ce quiz